000 00562nam a22001937a 4500
999 _c10079
_d10079
003 AR-CdUCM
008 190329b ||||| |||| 00| 0 spa d
040 _aMUNICIPALIDAD PROVINCIAL DEL CUSCO
_cBIBLIOTECA MUNICIPAL DEL CUSCO
082 _a868.5 /
_bA18S / 1923
100 _aAcosta, José María De
_926731
245 _aLa saturna /
260 _aMadrid :
_bRenacimiento,
_c1923.
300 _a389 páginas ;
_c19 cm.
505 _aNovela
650 _aLiteratura española
_9362
650 _aNovela española
_9192
942 _2ddc
_cLIBROS
945 _aacv